Normal view MARC view

Entry Personal Name

Number of records used in: 1

001 - CONTROL NUMBER

  • control field: 28272

003 - CONTROL NUMBER IDENTIFIER

  • control field: OSt

005 - DATE AND TIME OF LATEST TRANSACTION

  • control field: 20211027154527.0

008 - FIXED-LENGTH DATA ELEMENTS

  • fixed length control field: 211027|| aca||aabn | a|a d

040 ## - CATALOGING SOURCE

  • Original cataloging agency: OSt
  • Transcribing agency: OSt

100 ## - HEADING--PERSONAL NAME

  • Personal name: Levy, B.L., Phillips, N.E. and Sampson, R.J.

670 ## - SOURCE DATA FOUND

  • Source citation: Work cat.: (OSt)517926: Levy, B.L., Phillips, N.E. and Sampson, R.J. , Triple disadvantage: Neighborhood networks of everyday urban mobility and violence in U.S cities

Powered by Koha